|
|
|
|
| LEADER |
00000nam a2200000 a 4500 |
| 001 |
UCU5610 |
| 003 |
CL-VaPUC |
| 008 |
960604e19720000SP |||||||||||||||||spa|d |
| 082 |
0 |
4 |
|a 621.381
|b RYD
|2 21
|
| 100 |
0 |
|
|a Ryder, John D
|e author
|9 363570
|
| 245 |
1 |
0 |
|a Electrónica: fundamentos y aplicaciones
|
| 250 |
|
|
|a 5a. ed
|
| 300 |
|
|
|a 723 p
|
| 942 |
|
|
|c BK
|
| 945 |
|
|
|d 19960604 00:00:00
|a lriquelm
|
| 260 |
|
|
|a Madrid
|b Aguilar
|c 1972
|
| 650 |
|
0 |
|a Electrónica
|9 263192
|
| 650 |
|
0 |
|a Átomos
|9 259583
|
| 650 |
|
7 |
|a CAMPOS ELECTRICOS
|2 CL-VaPUC
|9 363571
|
| 650 |
|
7 |
|a ELECTRONES
|2 CL-VaPUC
|9 322158
|
| 650 |
|
7 |
|a DIODOS SEMICONDUCTORES
|2 CL-VaPUC
|9 363572
|
| 650 |
|
0 |
|a Circuitos electrónicos
|9 260204
|
| 650 |
|
0 |
|a Transistores
|9 260330
|
| 650 |
|
0 |
|a Amplificadores
|9 338119
|
| 650 |
|
7 |
|a FRECUENCIAS
|2 CL-VaPUC
|9 360857
|
| 650 |
|
7 |
|a POTENCIA
|2 CL-VaPUC
|9 363573
|
| 583 |
|
|
|a last modification
|c 19960604 00:00:00
|k Rodrigo Vera
|
| 999 |
|
|
|c 248870
|d 248868
|
| 952 |
|
|
|0 0
|1 0
|4 0
|6 621_381000000000000_RYD_1972
|7 0
|8 A
|9 265783
|a BIBING
|b BIBING
|d 2019-11-19
|i 1676806
|o 621.381 RYD 1972
|p 1676806
|r 2025-01-20
|w 2019-11-19
|y BK
|k EIE
|